مكتبة جامعة عجلون الوطنية

فهرس بحث المكتبة

البنية السردية في المجموعة القصصية جداتي الحكيمات لهاشم غرايبة = The Narrative structure in the Short Story Collection My Wise Grandmothers by Hashim Gharaibeh (Record no. 33978)

MARC details
000 -LEADER
fixed length control field 00989nam a22001937a 4500
003 - CONTROL NUMBER IDENTIFIER
control field JO-AjAnu
005 - DATE AND TIME OF LATEST TRANSACTION
control field 20250923090122.0
008 - FIXED-LENGTH DATA ELEMENTS--GENERAL INFORMATION
fixed length control field 250922b jo ||||| |||| 00| 0 ara d
040 ## - CATALOGING SOURCE
Original cataloging agency ANU
Transcribing agency JO-AjAnu
041 ## - LANGUAGE CODE
Language code of original ARA
100 ## - MAIN ENTRY--PERSONAL NAME
Personal name العنيزات، محمد خير نصري
Relator term معد
9 (RLIN) 66651
245 ## - TITLE STATEMENT
Title البنية السردية في المجموعة القصصية جداتي الحكيمات لهاشم غرايبة = The Narrative structure in the Short Story Collection My Wise Grandmothers by Hashim Gharaibeh
Statement of responsibility, etc. / اعداد محمد خير نصري العنيزات ؛ اشراف سلامة العمري
260 ## - PUBLICATION, DISTRIBUTION, ETC.
Date of publication, distribution, etc. 2025
300 ## - PHYSICAL DESCRIPTION
Extent 89 ورقة
500 ## - GENERAL NOTE
General note رسالة جامعية (رسالة ماجستير في اللغة العربية وآدابها) كلية الآداب / جامعة عجلون الوطنية ؛ 2025
650 ## - SUBJECT ADDED ENTRY--TOPICAL TERM
Form subdivision القصة العربية-تاريخ ونقد
700 ## - ADDED ENTRY--PERSONAL NAME
Personal name العمري، سلامة
Relator term مشرف
9 (RLIN) 66580
942 ## - ADDED ENTRY ELEMENTS (KOHA)
Source of classification or shelving scheme Library of Congress Classification
Koha item type Thesis
Suppress in OPAC No
Holdings
Withdrawn status Lost status Source of classification or shelving scheme Damaged status Not for loan Home library Current library Date acquired Total Checkouts Full call number Barcode Date last seen Price effective from Koha item type
    Library of Congress Classification     مكتبة جامعة عجلون الوطنية مكتبة جامعة عجلون الوطنية 22/09/2025   PJ7571.2025 A30382 22/09/2025 22/09/2025 Thesis
    Library of Congress Classification     مكتبة جامعة عجلون الوطنية مكتبة جامعة عجلون الوطنية 22/09/2025   PJ7571.2025 A30381 22/09/2025 22/09/2025 Thesis